| 000 | 01276cam a22003374i 4500 | ||
|---|---|---|---|
| 003 | PE-LiUPU | ||
| 005 | 20250731183417.0 | ||
| 008 | 150625s r 000 0 d | ||
| 035 | _a(Sirsi) a34666 | ||
| 040 |
_aPE-LiUPU _bspa _cPE-LiUPU _erda |
||
| 082 | 0 | 4 |
_a716 _bC91 _221 |
| 100 | 1 |
_aCubas Martins, Rafael, _eautor. |
|
| 245 | 1 | 0 |
_aArquitectura Paisajista / _cRafael Cubas Martins. |
| 264 | 1 |
_aLima : _bEdit. Machete, _c1963. |
|
| 300 |
_a164 pag. : _bilustraciones ; _c21 cm. |
||
| 336 |
_atext _2rdacontent |
||
| 337 |
_aunmediated _2rdamedia |
||
| 338 |
_avolume _2rdacarrier |
||
| 505 | 0 | _aArbustos y hierbas,abutillon megapotamicum, acalipha hispica, bambusa spp, cyca revoluta, hibiscus militaris.. | |
| 526 | _aP158 | ||
| 526 | _aP146 | ||
| 526 | _aP17 | ||
| 526 | _aP12 | ||
| 526 | _aP06 | ||
| 650 | 1 | 4 | _aArquitectura paisajista. |
| 942 |
_2ddc _cBOOK |
||
| 949 |
_a716 C91 _wDEWEY _c1 _i36226 _lCCODEBUL1 _mBUL _p00.00 _r0 _sY _tBOOK _u2015-06-25 _xBIBLIOTECA _zUNKNOWN _0COMPRA _o.STAFF. Colección General |
||
| 596 | _a1 | ||
| 999 |
_a716 C91 _wDEWEY _c42547 _i36226 _d42547 _e2019-8-19 _f2021-11-9 _g7 _lCCODEBUL1 _mBUL _n4 _q3 _r0 _sY _tBOOK _u2015-6-25 _xINGENIERIA _zUNKNOWN _0COMPRA _o.STAFF. Colección General |
||
| 980 |
_81 _gALBERTO SANCHEZ Responsable de Automatización |
||